000 00573nam a2200205Ia 4500
005 20250326144530.0
008 250326s9999 xx 000 0 und d
020 _a978-81-321-0100-0
037 _aTextbook
040 _aFMSL
_beng
_cFMSL
041 _aeng
_2eng
084 _aB28 P6;P9
_qFMSL
100 _aGaur A S
_9475163
245 0 _aStatistical methods for practie and research
_cGaur A S; Gaur S S
260 _aNew Delhi
_bNew Delhi, Response
_c2009
300 _a169p
365 _b295
942 _cTB
_hB28 P6;P9
999 _c1304071
_d1304071